[Event "66th ch-RUS HL w 2016"]
[Site "Kolomna RUS"]
[Date "2016.06.28"]
[Round "6.17"]
[White "Samdanova, Surena"]
[Black "Gvanceladze, Anna"]
[Result "0-1"]
[BlackTitle "WFM"]
[WhiteElo "2060"]
[BlackElo "2179"]
[WhiteFideId "24136646"]
[BlackFideId "4113721"]
[EventDate "2016.06.22"]

1. e4 c5 2. Nf3 Nc6 3. d4 cxd4 4. Nxd4 e5 5. Nb5 d6 6. N1c3 a6 7. Na3 b5 8. Nd5
Nce7 9. c4 Nxd5 10. exd5 bxc4 11. Nxc4 Be7 12. Bd2 a5 13. Qa4+ Bd7 14. Qa3 Qb8
15. Bxa5 Nf6 16. Bd3 e4 17. Bc2 Qb5 18. b3 Qxd5 19. O-O Qb5 20. Qb2 d5 21. a4
Qb7 22. Qe5 dxc4 23. bxc4 Ng4 24. Qc3 O-O 25. Rab1 Qc6 26. h3 Nf6 27. Rfd1 Rfc8
28. Rd4 Bc5 29. Rdd1 Bxf2+ 30. Kxf2 Qc5+ 31. Kf1 Rxa5 32. Bb3 Qa7 33. Qb4 Rf5+
34. Ke1 0-1

[Event "66th ch-RUS HL w 2016"]
[Site "Kolomna RUS"]
[Date "2016.06.28"]
[Round "6.18"]
[White "Matiukova, Uliana"]
[Black "Bocharova, Ulyana"]
[Result "1-0"]
[WhiteElo "2179"]
[BlackElo "1894"]
[WhiteFideId "34100579"]
[BlackFideId "24174513"]
[EventDate "2016.06.22"]

1. d4 Nf6 2. c4 e6 3. Nc3 d5 4. cxd5 exd5 5. Bg5 c6 6. e3 h6 7. Bh4 Be7 8. Bd3
Ne4 9. Bxe7 Qxe7 10. Bxe4 dxe4 11. Nge2 O-O 12. Qc2 f5 13. Nf4 Qf7 14. h4 Be6
15. f3 exf3 16. gxf3 Na6 17. Qg2 Nb4 18. Rg1 Rfe8 19. a3 Nd5 20. Ncxd5 Bxd5 21.
Kd2 Rad8 22. Rac1 Qe7 23. Rc3 Qf7 24. Kc1 Kh7 25. Ng6 Qf6 26. Qg3 Bf7 27. Ne5
Rg8 28. Qf4 g5 29. hxg5 Rxg5 30. Rxg5 hxg5 31. Qh2+ Kg7 32. Nxf7 Qxf7 33. Qe5+
Kg6 34. Qa5 Rh8 35. Qe5 Re8 36. Qh2 Kg7 37. Kd2 Re6 38. Rc5 Kg6 39. Rc1 Re7 40.
Rh1 Qg7 41. Qd6+ Kf7 42. Rh6 a6 43. Qh2 Kg8 44. Qh5 1-0

[Event "66th ch-RUS HL w 2016"]
[Site "Kolomna RUS"]
[Date "2016.06.28"]
[Round "6.19"]
[White "Alekseeva, Irina"]
[Black "Rodionova, Polina"]
[Result "0-1"]
[BlackTitle "WFM"]
[WhiteElo "2161"]
[BlackElo "1981"]
[WhiteFideId "24178683"]
[BlackFideId "24102555"]
[EventDate "2016.06.22"]

1. e4 e5 2. Nf3 Nc6 3. Bb5 a6 4. Ba4 Nge7 5. d4 exd4 6. Nxd4 d6 7. Bg5 Bd7 8.
Nxc6 Bxc6 9. Bxc6+ bxc6 10. Qd4 c5 11. Qe3 Qb8 12. O-O h6 13. Bh4 g5 14. Bg3 Bg7
15. Nc3 O-O 16. Rab1 Qb4 17. h4 gxh4 18. Bxh4 Nf5 19. exf5 Qxh4 20. Nd5 Bd4 21.
Qf3 c6 22. Ne3 d5 23. c3 Bg7 24. Ng4 Rfe8 25. Rfe1 Qg5 26. c4 Rad8 27. Ne3 Re5
28. g3 Rd6 29. cxd5 cxd5 30. Rbd1 d4 31. Nc4 Rxf5 32. Re8+ Kh7 33. Qe4 Rg6 34.
Ra8 Re6 35. Qd3 Qg4 36. Rc8 Rg6 37. Nd6 Rxd6 38. Rxc5 Qxd1+ 39. Qxd1 Rxc5 40.
Qd3+ Kg8 41. Kg2 Rb5 42. b3 Rc5 43. Qe4 Rd8 44. Qd3 Rd6 45. b4 Rc3 46. Qe4 d3
47. Qe7 Rcc6 48. Qe8+ Bf8 49. Qe4 d2 0-1

[Event "66th ch-RUS HL w 2016"]
[Site "Kolomna RUS"]
[Date "2016.06.28"]
[Round "6.20"]
[White "Drogovoz, Irina"]
[Black "Korchagina, Alena"]
[Result "1-0"]
[WhiteTitle "WIM"]
[BlackTitle "WFM"]
[WhiteElo "2143"]
[BlackElo "2091"]
[WhiteFideId "4176715"]
[BlackFideId "24173452"]
[EventDate "2016.06.22"]

1. d4 d5 2. c4 c6 3. Nf3 Nf6 4. e3 Bf5 5. Nc3 a6 6. Bd3 Bxd3 7. Qxd3 e6 8. O-O
Bb4 9. Bd2 O-O 10. a3 Bxc3 11. Bxc3 Nbd7 12. Nd2 Qc7 13. e4 dxe4 14. Nxe4 Qf4
15. f3 Rfd8 16. Rad1 Qh4 17. Qe3 b5 18. b3 a5 19. a4 bxc4 20. bxc4 Rdb8 21.
Nxf6+ Nxf6 22. Rb1 Nd7 23. Rxb8+ Rxb8 24. Bxa5 Qh5 25. Bd2 Rb2 26. Rc1 h6 27.
Qd3 c5 28. a5 Ra2 29. Rb1 cxd4 30. Qxd4 Qg6 31. Rb2 Rxb2 32. Qxb2 Qd3 33. Qc3
Qb1+ 34. Qc1 Qa2 35. c5 Nxc5 36. Qxc5 Qxd2 37. h3 Qe2 38. Kh2 Kh7 39. Qd6 e5 40.
a6 Qe3 41. Qc7 Qf4+ 42. Kh1 Qa4 43. a7 f5 44. Qf7 Qf4 45. Qa2 1-0

[Event "66th ch-RUS HL w 2016"]
[Site "Kolomna RUS"]
[Date "2016.06.28"]
[Round "6.21"]
[White "Khazieva, Elza"]
[Black "Nasybullina, Alfia"]
[Result "0-1"]
[WhiteTitle "WFM"]
[BlackTitle "WFM"]
[WhiteElo "2128"]
[BlackElo "2143"]
[WhiteFideId "4100166"]
[BlackFideId "4132416"]
[EventDate "2016.06.22"]

1. e4 c6 2. d4 d5 3. e5 c5 4. dxc5 Nc6 5. a3 e6 6. Nf3 Bxc5 7. b4 Bb6 8. Bd3
Nge7 9. O-O Ng6 10. Re1 Bd7 11. Bb2 O-O 12. Nbd2 Nce7 13. Nb3 Ba4 14. Nbd4 a6
15. Qd2 Rc8 16. Rac1 Nc6 17. Bxg6 hxg6 18. Nb3 Ne7 19. Bd4 Bxb3 20. cxb3 Bc7 21.
Rc3 Bb8 22. Bc5 Re8 23. Rec1 Nc6 24. Qe3 Qd7 25. Qg5 Qd8 26. Qg3 f6 27. Qxg6
Bxe5 28. Bd4 Bf4 29. Be3 Bxe3 30. fxe3 Qd7 31. Qg4 Ne7 32. Nd4 Rxc3 33. Rxc3 Nc6
34. Qe2 Nxd4 35. exd4 e5 36. Rc5 b6 37. Rc1 exd4 38. Qd3 Qg4 39. Qxa6 Qf4 40.
Rd1 Qe3+ 41. Kf1 Re4 42. Qc8+ Kf7 43. Qc7+ Ke6 44. Qc8+ Ke5 45. Qe8+ Kf5 46.
Qh5+ g5 47. Qh3+ Qxh3 48. gxh3 Ke5 49. a4 d3 50. a5 Kd4 51. Re1 Kc3 52. a6 d2
53. Ra1 Re7 0-1

[Event "66th ch-RUS HL w 2016"]
[Site "Kolomna RUS"]
[Date "2016.06.28"]
[Round "6.22"]
[White "Faizutdinova, Diana"]
[Black "Shaydullina, Sandugach"]
[Result "1/2-1/2"]
[BlackTitle "WGM"]
[WhiteElo "2006"]
[BlackElo "2110"]
[WhiteFideId "24143731"]
[BlackFideId "4140389"]
[EventDate "2016.06.22"]

1. c4 e6 2. e4 d5 3. exd5 exd5 4. d4 Nf6 5. Nc3 Be7 6. Bd3 O-O 7. Nge2 Nc6 8. a3
Bg4 9. f3 dxc4 10. Bxc4 Bf5 11. Be3 Bd6 12. Bf2 Ne7 13. O-O c6 14. Ng3 Qc7 15.
Nce4 Nfd5 16. Nxd6 Qxd6 17. Re1 Bg6 18. Ne4 Qd7 19. Rc1 Rfd8 20. Nc5 Qc8 21. Qb3
b5 22. Bf1 Nf5 23. Red1 Rb8 24. Ne4 h5 25. Ng3 Re8 26. Nxf5 Bxf5 27. Re1 Qd7 28.
Rxe8+ Rxe8 29. a4 a6 30. axb5 axb5 31. Qa3 Nf4 32. Rd1 Re6 33. Qc5 Rg6 34. Kh1
Nd5 35. Re1 Re6 36. Re5 Rxe5 37. dxe5 Nf4 38. Qd6 Qxd6 39. exd6 Kf8 40. g3 Nd5
41. h3 Ke8 42. Bd4 f6 43. g4 Bg6 44. Kh2 Kd7 45. Bc5 Nf4 46. Kg3 Ne6 47. Bb4 Nd8
48. h4 hxg4 49. fxg4 Nb7 50. g5 Nxd6 51. gxf6 Ne4+ 52. Kf4 Nxf6 53. Bh3+ Kc7 54.
Bf8 Bf7 55. Ke5 Nh5 56. Bg4 g6 57. Bxh5 gxh5 58. b4 Kd7 59. Kf6 Bb3 60. Bc5 Bd1
61. Bf8 Bf3 62. Bc5 Ke8 63. Bd6 Bd5 64. Bc5 Kd7 65. Bf8 1/2-1/2

[Event "66th ch-RUS HL w 2016"]
[Site "Kolomna RUS"]
[Date "2016.06.28"]
[Round "6.23"]
[White "Makarenko, Alexandra"]
[Black "Lysenko, Margarita"]
[Result "1-0"]
[WhiteTitle "WFM"]
[BlackTitle "WFM"]
[WhiteElo "2269"]
[BlackElo "2097"]
[WhiteFideId "4165055"]
[BlackFideId "34100200"]
[EventDate "2016.06.22"]

1. e4 Nf6 2. e5 Nd5 3. d4 d6 4. Nf3 Bg4 5. Be2 e6 6. O-O Be7 7. c4 Nb6 8. Nbd2
O-O 9. b3 a5 10. Bb2 Nc6 11. h3 Bf5 12. exd6 cxd6 13. Nh2 d5 14. c5 Nd7 15. f4
h6 16. g4 Bh7 17. Ndf3 b6 18. Bb5 Rc8 19. Ba6 Rc7 20. cxb6 Nxb6 21. a3 a4 22.
bxa4 Nc4 23. Rf2 Qa8 24. Bb5 Na7 25. Ne5 Rb8 26. Bxc4 dxc4 27. Rc1 Rbc8 28. Rc3
f6 29. Nef3 Be4 30. Nf1 Rd7 31. Ne3 Bd3 32. Ne1 Qe4 33. Nxd3 Rxd4 34. Nxc4 Rdxc4
35. Rxc4 Qxc4 36. Qe2 Rd8 37. Rf3 Nc6 38. Re3 Nd4 39. Bxd4 Qxd4 40. Kh2 e5 41.
fxe5 fxe5 42. Nxe5 Bg5 43. Re4 Qd6 44. Kg2 Qxa3 45. Nf3 Bf6 46. Re8+ Rxe8 47.
Qxe8+ Kh7 48. Qe4+ Kh8 49. h4 Qb2+ 50. Kg3 Qc1 51. h5 Qc7+ 52. Kf2 Qb6+ 53. Ke2
Qa6+ 54. Ke3 Qa7+ 55. Kf4 Qc7+ 56. Kf5 Qc8+ 57. Kf4 Qc7+ 58. Ke3 Qa7+ 59. Kd3
Qa6+ 60. Qc4 Qd6+ 61. Kc2 Qg3 62. Qc8+ Kh7 63. Qf5+ Kh8 64. a5 Qf2+ 65. Kd3 Qf1+
66. Ke3 Qc1+ 67. Ke2 Qb2+ 68. Kf1 Qa1+ 69. Kg2 Qb2+ 70. Kh3 Qb7 71. Qd3 Qa7 72.
a6 Qa8 73. Qe2 Qa7 74. Qe8+ Kh7 75. Qe4+ Kh8 76. Qb7 Qf2 77. a7 Qf1+ 78. Kg3
Bh4+ 79. Kxh4 1-0

[Event "66th ch-RUS HL w 2016"]
[Site "Kolomna RUS"]
[Date "2016.06.28"]
[Round "6.24"]
[White "Mikhailova, Lubov"]
[Black "Potapova, Margarita"]
[Result "0-1"]
[BlackTitle "WFM"]
[WhiteElo "2051"]
[BlackElo "2061"]
[WhiteFideId "4164296"]
[BlackFideId "14126869"]
[EventDate "2016.06.22"]

1. c4 e5 2. g3 Nf6 3. Bg2 d5 4. cxd5 Nxd5 5. Nc3 Nb6 6. d3 Be7 7. Nf3 Nc6 8. O-O
O-O 9. Be3 Bg4 10. a4 Bb4 11. h3 Bh5 12. g4 Bg6 13. a5 Bxc3 14. bxc3 Nd5 15. Bg5
Qd6 16. c4 Nf4 17. Bxf4 exf4 18. d4 Rad8 19. c5 Qf6 20. Qb3 Rb8 21. d5 Nd4 22.
Nxd4 Qxd4 23. Rfc1 Rfe8 24. Bf3 Qf6 25. Qc4 b5 26. cxb6 cxb6 27. a6 b5 28. Qc7
b4 29. d6 b3 30. d7 Rf8 31. Qxa7 b2 32. Rab1 Bxb1 33. Rc6 Qxc6 34. Bxc6 Bg6 35.
Qd4 b1=Q+ 36. Kg2 Qb6 37. Qxb6 Rxb6 38. Bb7 Rxb7 39. axb7 Be4+ 0-1

[Event "66th ch-RUS HL w 2016"]
[Site "Kolomna RUS"]
[Date "2016.06.28"]
[Round "6.25"]
[White "Zelenskaya, Anastasiya"]
[Black "Chkhan, Viktoria"]
[Result "0-1"]
[BlackTitle "WFM"]
[WhiteElo "1662"]
[BlackElo "2164"]
[WhiteFideId "54112540"]
[BlackFideId "4123107"]
[EventDate "2016.06.22"]

1. e4 e6 2. d4 d5 3. e5 c5 4. c3 Nc6 5. Nf3 Bd7 6. Bd3 cxd4 7. cxd4 Qb6 8. Be2
Nge7 9. Nc3 Nf5 10. Be3 Qxb2 11. Nb5 Nxe3 12. fxe3 Qb4+ 13. Kf2 Qa5 14. g4 Be7
15. Rg1 O-O 16. Qf1 a6 17. Nd6 f6 18. Nxb7 Qc7 19. exf6 Rxf6 20. Nc5 Bxc5 21.
dxc5 d4 22. Qh3 Ne5 23. exd4 Nxf3 24. Bxf3 Bc6 25. Rae1 Rxf3+ 26. Qxf3 Bxf3 27.
Kxf3 Rf8+ 28. Kg2 Qc6+ 29. Kh3 Rf4 30. Rd1 Qd5 31. Rc1 Qxd4 32. Rg3 Rxg4 0-1

[Event "66th ch-RUS HL w 2016"]
[Site "Kolomna RUS"]
[Date "2016.06.29"]
[Round "7.1"]
[White "Ovod, Evgenija"]
[Black "Kashlinskaya, Alina"]
[Result "1/2-1/2"]
[WhiteTitle "IM"]
[BlackTitle "IM"]
[WhiteElo "2338"]
[BlackElo "2467"]
[WhiteFideId "4131827"]
[BlackFideId "4198026"]
[EventDate "2016.06.22"]

1. d4 Nf6 2. Nf3 d5 3. c4 e6 4. e3 Be7 5. b3 O-O 6. Bb2 c5 7. cxd5 cxd4 8. Nxd4
Bb4+ 9. Bc3 Nxd5 10. Bxb4 Nxb4 11. a3 N4c6 12. Nf3 Qxd1+ 13. Kxd1 Rd8+ 14. Nbd2
e5 15. Bc4 Bg4 16. Ke1 Nd7 17. Ng5 Bh5 18. g4 Bg6 19. h4 h5 20. b4 Nf6 21. gxh5
Bxh5 22. Rg1 Rac8 23. Nge4 Nxe4 24. Nxe4 Kf8 25. Rg5 Bg6 26. Nd2 Bd3 27. Bxd3
Rxd3 28. Ke2 Rcd8 29. Ra2 f6 30. Rg4 Ne7 31. b5 f5 32. Ra4 e4 33. Rxa7 Nd5 34.
Rc2 Nc3+ 35. Kf1 Nxb5 36. Rxb7 Nxa3 37. Rcc7 Rxd2 38. Rf7+ Kg8 39. Rxg7+ Kh8 40.
Rh7+ Kg8 41. Rbg7+ 1/2-1/2

[Event "66th ch-RUS HL w 2016"]
[Site "Kolomna RUS"]
[Date "2016.06.29"]
[Round "7.2"]
[White "Vasilevich, Tatjana"]
[Black "Pustovoitova, Daria"]
[Result "1/2-1/2"]
[WhiteTitle "IM"]
[BlackTitle "FM"]
[WhiteElo "2367"]
[BlackElo "2297"]
[WhiteFideId "14101610"]
[BlackFideId "4182146"]
[EventDate "2016.06.22"]

1. Nf3 Nf6 2. c4 c5 3. Nc3 e6 4. d4 cxd4 5. Nxd4 d5 6. Bg5 e5 7. Nf3 d4 8. Nd5
Be6 9. e4 Bxd5 10. cxd5 Nbd7 11. Qa4 Bd6 12. Bxf6 Qxf6 13. Bb5 Qd8 14. Ke2 a6
15. Bxd7+ Qxd7 16. Qxd7+ Kxd7 17. Rhc1 f6 18. Nd2 Rhc8 19. Nc4 Bc7 20. a4 b5 21.
axb5 axb5 22. Nd2 Rxa1 23. Rxa1 Bb6 24. Kd3 Kc7 25. Rc1+ Kb7 26. Rxc8 Kxc8 27.
Nb3 Kd7 28. g3 Kd6 29. f4 Kd7 30. Nd2 Bc7 31. fxe5 fxe5 32. Nf3 Bd6 33. Ng5 h6
34. Nf3 Ke7 35. Nh4 Kf6 36. Nf3 g6 37. h3 h5 38. g4 hxg4 39. hxg4 Kf7 40. Kc2
Kf6 41. Kd1 Kf7 42. Ke1 Kf6 43. Ke2 Kf7 44. Ng5+ Kf6 45. Ne6 Ke7 46. Kf3 Kd7 47.
Kf2 Ke7 48. Kg3 Kd7 49. Ng5 Ke7 50. Nf3 Kf6 51. Kh4 Kf7 52. Ne1 Kf6 53. Nd3 Kf7
54. g5 Ke7 55. Kg4 Kf7 56. Kf3 1/2-1/2

[Event "66th ch-RUS HL w 2016"]
[Site "Kolomna RUS"]
[Date "2016.06.29"]
[Round "7.3"]
[White "Savina, Anastasia"]
[Black "Kovalevskaya, Ekaterina"]
[Result "1/2-1/2"]
[WhiteTitle "IM"]
[BlackTitle "IM"]
[WhiteElo "2384"]
[BlackElo "2466"]
[WhiteFideId "4196872"]
[BlackFideId "4116704"]
[EventDate "2016.06.22"]

1. d4 Nf6 2. Nf3 d5 3. c4 e6 4. Nc3 c5 5. cxd5 Nxd5 6. e4 Nxc3 7. bxc3 cxd4 8.
cxd4 Bb4+ 9. Bd2 Bxd2+ 10. Qxd2 O-O 11. Rc1 Nc6 12. Be2 Na5 13. Rc5 b6 14. Rh5
Bb7 15. Bd3 f5 16. exf5 Bxf3 17. gxf3 exf5 18. Rxf5 Qxd4 19. Rxf8+ Kxf8 20. Be4
Qxd2+ 21. Kxd2 Rd8+ 22. Kc3 h6 23. h4 Rc8+ 24. Kd4 Rc5 25. Rd1 Nc6+ 26. Ke3 Ke7
27. Rg1 Kf7 28. Rd1 Ke7 29. Rg1 Kf7 30. Rd1 1/2-1/2

[Event "66th ch-RUS HL w 2016"]
[Site "Kolomna RUS"]
[Date "2016.06.29"]
[Round "7.4"]
[White "Nechaeva, Marina"]
[Black "Ubiennykh, Ekaterina"]
[Result "0-1"]
[WhiteTitle "IM"]
[BlackTitle "WIM"]
[WhiteElo "2425"]
[BlackElo "2324"]
[WhiteFideId "4149351"]
[BlackFideId "4137582"]
[EventDate "2016.06.22"]

1. d4 Nf6 2. c4 g6 3. Nc3 Bg7 4. e4 d6 5. f3 O-O 6. Nge2 Nbd7 7. Be3 c5 8. dxc5
dxc5 9. Nf4 Qa5 10. Be2 Ne5 11. O-O Rd8 12. Qc1 e6 13. Nh3 a6 14. f4 Nd3 15. Qc2
Nb4 16. Qb1 Nc6 17. e5 Ne8 18. Ng5 Nd4 19. Bd3 b5 20. cxb5 axb5 21. Bxd4 Rxd4
22. Bxb5 Nc7 23. Be2 Rb8 24. Qc1 Bb7 25. Bf3 f6 26. exf6 Bxf6 27. Bxb7 Rxb7 28.
Qc2 Qb4 29. Nge4 Bg7 30. Rab1 Nd5 31. Qe2 c4 32. Kh1 Rd3 33. h3 Ne3 34. Rfc1 Nf5
35. Kh2 Rbd7 36. a3 Qb8 37. Rf1 Re3 38. Qxc4 Nd4 39. Rf2 h6 40. Kh1 Rc7 41. Qf1
Rf7 42. Qc1 Nf5 43. Qd2 Bd4 44. Qc2 e5 45. fxe5 Qxe5 46. Rf3 Rxf3 47. gxf3 Ne3
48. Qh2 Qh5 49. Qg3 0-1

[Event "66th ch-RUS HL w 2016"]
[Site "Kolomna RUS"]
[Date "2016.06.29"]
[Round "7.6"]
[White "Zaiatz, Elena"]
[Black "Kovanova, Baira"]
[Result "1/2-1/2"]
[WhiteTitle "IM"]
[BlackTitle "WGM"]
[WhiteElo "2344"]
[BlackElo "2382"]
[WhiteFideId "4139518"]
[BlackFideId "4164083"]
[EventDate "2016.06.22"]

1. d4 f5 2. Nf3 Nf6 3. g3 e6 4. Bg2 d5 5. b3 Bd6 6. Ba3 Qe7 7. Bxd6 cxd6 8. O-O
O-O 9. c4 dxc4 10. bxc4 e5 11. c5 exd4 12. cxd6 Qxd6 13. Nxd4 Kh8 14. Nb5 Qe5
15. Qd6 Nbd7 16. N1c3 a6 17. Qxe5 Nxe5 18. Nd6 Rb8 19. a4 b6 20. f4 Nf7 21. Rfd1
Be6 22. Rab1 Kg8 23. Nb7 Nd7 24. Nd5 Nc5 25. Rxb6 Rxb7 26. Rxb7 Nxb7 27. Ne7+
Kh8 28. Bxb7 Bb3 29. Rd4 Re8 30. Nxf5 g6 31. Nd6 Nxd6 32. Rxd6 Rxe2 33. Rxa6 Ra2
34. a5 Ra1+ 35. Kf2 Bf7 36. Ra8+ Kg7 37. a6 Ra3 38. Rc8 Be6 39. Rc7+ Kh6 40. Ke2
Bf5 41. Kd2 Bh3 42. Bd5 Rxa6 43. Bg8 Rd6+ 44. Ke3 Rd7 45. Rc1 Bf5 46. Bc4 Kg7
47. Bf1 1/2-1/2

[Event "66th ch-RUS HL w 2016"]
[Site "Kolomna RUS"]
[Date "2016.06.29"]
[Round "7.7"]
[White "Bivol, Alina"]
[Black "Solozhenkina, Elizaveta"]
[Result "1/2-1/2"]
[WhiteTitle "WIM"]
[BlackTitle "WFM"]
[WhiteElo "2359"]
[BlackElo "2123"]
[WhiteFideId "4100123"]
[BlackFideId "34106615"]
[EventDate "2016.06.22"]

1. Nf3 Nf6 2. g3 g6 3. b3 Bg7 4. Bb2 O-O 5. Bg2 d5 6. c4 c6 7. O-O Nbd7 8. d3
Re8 9. Nbd2 b6 10. cxd5 cxd5 11. Ne5 Nxe5 12. Bxe5 Bb7 13. Rc1 Rc8 14. b4 Nd7
15. Bxg7 Kxg7 16. Qb3 e6 17. Qa3 a6 18. Rxc8 Qxc8 19. Rc1 Qb8 20. Qb2+ Kg8 21.
d4 Rc8 22. Rxc8+ Qxc8 23. e3 Nf6 24. a4 Bc6 25. b5 axb5 26. axb5 Bd7 27. Bf1 Ne8
28. Nb1 Nc7 29. Nc3 Qe8 30. f4 h5 31. Kf2 Kh7 32. Qb4 Kg7 33. Bd3 Qf8 34. Qb2
Kg8 35. Ke1 Qe8 36. Kd2 Kh7 37. Qb4 Kg7 38. Kc2 Kg8 39. h3 Kg7 40. Qb1 Kg8 41.
g4 hxg4 42. hxg4 Kg7 43. Kd2 Qe7 44. Qb3 Qe8 45. Be2 Qe7 46. Qa4 Qe8 47. g5 Kh8
48. Qb4 Kg7 49. Qb1 Qh8 50. Qb4 Qe8 51. Ke1 Kg8 52. Kf2 Kg7 53. Kg3 Kg8 54. Qb2
Kh7 55. Bd3 Kg8 56. Qb4 Kg7 57. Qb1 Kg8 58. e4 Kg7 59. e5 Kg8 1/2-1/2

[Event "66th ch-RUS HL w 2016"]
[Site "Kolomna RUS"]
[Date "2016.06.29"]
[Round "7.8"]
[White "Belenkaya, Dina"]
[Black "Schepetkova, Margarita"]
[Result "0-1"]
[WhiteTitle "WFM"]
[BlackTitle "WIM"]
[WhiteElo "2299"]
[BlackElo "2355"]
[WhiteFideId "24142654"]
[BlackFideId "4189949"]
[EventDate "2016.06.22"]

1. e4 c6 2. d4 d5 3. Nc3 dxe4 4. Nxe4 Bf5 5. Ng3 Bg6 6. Nf3 Nd7 7. Bd3 Bxd3 8.
Qxd3 e6 9. O-O Ngf6 10. c4 Be7 11. Bd2 O-O 12. b4 Re8 13. a4 Qc7 14. Bc3 Rad8
15. Qc2 Bf8 16. Qb2 b6 17. Rfd1 a6 18. Rac1 Qb7 19. Ne5 Be7 20. Nd3 b5 21. Nc5
Nxc5 22. bxc5 Rb8 23. Rb1 Qc7 24. Qe2 bxc4 25. Qxc4 Nd5 26. Bd2 Qa7 27. Ne4 Rxb1
28. Rxb1 Rb8 29. Rb3 Rb7 30. Ba5 Qb8 31. Bb6 Nxb6 32. Qxa6 Qf4 33. Ng3 Qxd4 34.
Qxb7 Nd7 35. Qb4 Qd1+ 36. Nf1 Bxc5 37. Qc3 Qd6 38. a5 h6 39. a6 Nf6 40. Qd3 Qf4
41. Ne3 Ne4 42. f3 Nf6 43. g3 Qe5 44. Kg2 g6 45. Nc2 Nd5 46. Qe4 Qf6 47. Qc4 Qf5
48. Qe4 Qf6 49. Rb7 Qc3 50. Kh3 Nf6 51. Qe2 Qa5 52. Rb8+ Kg7 53. Kg2 Ba7 54. Rb7
Qc5 55. Rb1 Nd5 56. Rc1 Qc3 57. Re1 Qa5 58. Ra1 Qc3 59. Re1 Qa5 60. Qe5+ Kg8 61.
Qa1 Qd2+ 62. Kh1 Qxc2 63. Qb1 Qc3 64. Qd1 c5 65. Re4 c4 66. Qe2 Ne3 67. h4 Qd3
68. Qe1 c3 69. Ra4 Qc2 0-1

[Event "66th ch-RUS HL w 2016"]
[Site "Kolomna RUS"]
[Date "2016.06.29"]
[Round "7.9"]
[White "Styazhkina, Anna"]
[Black "Mirzoeva, Elmira"]
[Result "1-0"]
[WhiteTitle "WIM"]
[BlackTitle "WGM"]
[WhiteElo "2297"]
[BlackElo "2344"]
[WhiteFideId "24119300"]
[BlackFideId "4127951"]
[EventDate "2016.06.22"]

1. e4 d6 2. d4 Nf6 3. Nc3 e5 4. Nf3 Nbd7 5. Bc4 Be7 6. O-O O-O 7. a4 c6 8. Re1
a5 9. b3 exd4 10. Nxd4 Nb6 11. Bd3 d5 12. e5 Ne8 13. Qh5 g6 14. Qh6 Ng7 15. Nce2
Re8 16. Ng3 Bf8 17. Qd2 Nd7 18. Nf3 Nc5 19. h4 Bg4 20. Ng5 Nxd3 21. cxd3 Ne6 22.
Nxe6 Bxe6 23. Qf4 Qb6 24. d4 Bg7 25. h5 c5 26. h6 Bh8 27. dxc5 Qb4 28. Qxb4 axb4
29. f4 d4 30. Rb1 f6 31. exf6 Bd5 32. Bd2 Bxf6 33. Bxb4 Bh4 34. Kh2 d3 35. a5
Rxe1 36. Rxe1 Bxb3 37. Re3 Bc4 38. Ne4 Rd8 39. g3 Be7 40. Nd2 Bf8 41. Nxc4 Rd4
42. c6 Rxc4 43. Bxf8 bxc6 44. Bg7 Rc2+ 45. Kh3 d2 46. Rd3 c5 47. a6 c4 48. a7
Ra2 49. Rxd2 Rxa7 50. Rd8+ Kf7 51. Rc8 Ra4 52. Rc7+ 1-0

[Event "66th ch-RUS HL w 2016"]
[Site "Kolomna RUS"]
[Date "2016.06.29"]
[Round "7.10"]
[White "Dordzhieva, Dinara"]
[Black "Gritsayeva, Oksana"]
[Result "1-0"]
[WhiteTitle "WIM"]
[BlackTitle "WFM"]
[WhiteElo "2296"]
[BlackElo "2336"]
[WhiteFideId "24157570"]
[BlackFideId "14104652"]
[EventDate "2016.06.22"]

1. d4 g6 2. e4 Bg7 3. Nc3 d5 4. exd5 Nf6 5. Bc4 Nbd7 6. Bb3 Nb6 7. Nf3 O-O 8.
O-O a5 9. a4 Nbxd5 10. Nxd5 Nxd5 11. Re1 c6 12. Bg5 h6 13. Bh4 g5 14. Bg3 Bg4
15. c3 e6 16. h3 Bf5 17. Be5 Re8 18. Bxg7 Kxg7 19. Ne5 Qc7 20. Bc2 f6 21. Nc4
Bxc2 22. Qxc2 b5 23. Nd2 Nb6 24. axb5 cxb5 25. Ne4 Qc6 26. Ng3 f5 27. Re5 Nd7
28. d5 exd5 29. Nxf5+ Kh8 30. Nd4 Qd6 31. Rxe8+ Rxe8 32. Nxb5 Qb6 33. Nd4 Nc5
34. Rd1 Ne4 35. Re1 Rc8 36. Qe2 Rf8 37. f3 Nf6 38. Qc2 Re8 39. Rxe8+ Nxe8 40.
Qe2 Ng7 41. Qb5 Qd8 42. Kf2 Qf8 43. Qxa5 Qf4 44. Qb5 h5 45. Qe2 Qc1 46. Qc2 Qf4
47. b4 Ne8 48. Qf5 Qd2+ 49. Ne2 Kg7 50. Qe5+ Nf6 51. Qe3 1-0

[Event "66th ch-RUS HL w 2016"]
[Site "Kolomna RUS"]
[Date "2016.06.29"]
[Round "7.11"]
[White "Maltsevskaya, Aleksandra"]
[Black "Severina, Maria"]
[Result "1-0"]
[BlackTitle "WIM"]
[WhiteElo "2285"]
[BlackElo "2330"]
[WhiteFideId "24174041"]
[BlackFideId "4116909"]
[EventDate "2016.06.22"]

1. e4 e5 2. Nf3 Nc6 3. Bb5 a6 4. Ba4 Nf6 5. O-O Be7 6. Re1 b5 7. Bb3 d6 8. c3
O-O 9. h3 Na5 10. Bc2 d5 11. exd5 e4 12. Bxe4 Nxe4 13. Rxe4 Bf6 14. d4 Qxd5 15.
Re1 Bb7 16. Bf4 Nc4 17. b3 Nd6 18. Nbd2 Rfd8 19. Be5 c5 20. Bxf6 gxf6 21. Nf1
cxd4 22. cxd4 Nf5 23. Ne3 Qd7 24. Ng4 Kg7 25. Qe2 Rg8 26. d5 h5 27. Nxf6 1-0

[Event "66th ch-RUS HL w 2016"]
[Site "Kolomna RUS"]
[Date "2016.06.29"]
[Round "7.12"]
[White "Travkina, Anastasia"]
[Black "Matiukova, Uliana"]
[Result "1-0"]
[WhiteTitle "WFM"]
[WhiteElo "2267"]
[BlackElo "2179"]
[WhiteFideId "24129151"]
[BlackFideId "34100579"]
[EventDate "2016.06.22"]

1. e4 c5 2. Nf3 d6 3. d4 cxd4 4. Nxd4 Nf6 5. Nc3 a6 6. Bg5 e6 7. f4 Qb6 8. Qd2
Qxb2 9. Rb1 Qa3 10. Be2 Nc6 11. Nxc6 bxc6 12. O-O Be7 13. Kh1 Qa5 14. Rfd1 Qc7
15. e5 dxe5 16. fxe5 Nd5 17. Bxe7 Qxe7 18. Ne4 O-O 19. c4 Nc7 20. Qd6 Re8 21.
Qxc6 a5 22. Nd6 Ra6 23. Qf3 Rf8 24. c5 Ra8 25. Qc6 Ba6 26. Bf3 Nd5 27. Bxd5 exd5
28. Qxd5 Ra7 29. c6 Bc8 30. a4 Be6 31. Qc5 Rc7 32. Rb7 Bc8 33. Rxc7 Qxc7 34. Nb5
Qb8 35. c7 Qb7 36. Rd8 1-0

[Event "66th ch-RUS HL w 2016"]
[Site "Kolomna RUS"]
[Date "2016.06.29"]
[Round "7.13"]
[White "Maslova, Polina"]
[Black "Sukhareva, Evgeniya"]
[Result "1-0"]
[WhiteTitle "WFM"]
[WhiteElo "2249"]
[BlackElo "2156"]
[WhiteFideId "24178772"]
[BlackFideId "4167155"]
[EventDate "2016.06.22"]

1. e4 c5 2. Nf3 d6 3. Bb5+ Bd7 4. Bxd7+ Qxd7 5. c4 Nf6 6. Nc3 g6 7. d4 cxd4 8.
Nxd4 Bg7 9. f3 O-O 10. Be3 Rc8 11. Qd3 Nc6 12. b3 Nh5 13. O-O Nxd4 14. Bxd4
Bxd4+ 15. Qxd4 Rc6 16. Rad1 a6 17. Nd5 Qe8 18. Rfe1 e5 19. Qe3 Qe6 20. Rd3 Nf6
21. Red1 Ne8 22. a4 a5 23. Qd2 b6 24. b4 axb4 25. Qxb4 Qd7 26. Qb5 Kg7 27. Nxb6
Qb7 28. Nxa8 Qxa8 29. Ra3 Nc7 30. Qb3 Ne6 31. a5 Qa6 32. Qb5 Qa7+ 33. Kh1 Nd4
34. Qa4 Qa6 35. Ra2 Rxc4 36. Qa3 Rc5 37. h3 Nc2 38. Qb2 Ne3 39. Rc1 Nc4 40. Qe2
Qc8 41. a6 Nb6 42. Rxc5 dxc5 43. Qb2 Qc6 44. a7 c4 45. Qxb6 Qxb6 46. a8=Q c3 47.
Qa4 Qe3 48. Qc2 Qc5 49. Ra1 1-0